| 000 | 00685nam a2200241 a 4500 | ||
|---|---|---|---|
| 001 | 9138 | ||
| 003 | BD-RjUL | ||
| 005 | 20211208234726.0 | ||
| 008 | 140120s1948 enka 001 0 eng | ||
| 035 | _a(BD-RjUL)9183 | ||
| 040 |
_aDLC _cKSU _dOCL _dBD-RjUL _beng |
||
| 041 | _aeng | ||
| 082 |
_a537.12 _bSKF 1967 _223 |
||
| 100 | 1 |
_aSkilling, Hugh Hildreth, _d1905- _928358 |
|
| 245 | 1 | 0 |
_aFundamentals of electric waves / _cHugh Hildreth Skilling. |
| 250 | _a2nd ed. | ||
| 260 |
_aLondon : _bWiley, _cc1948 [printing 1967] |
||
| 300 |
_avii, 245 p. : _bill. ; _c24 cm. |
||
| 500 | _aIncludes index. | ||
| 650 | 0 |
_awaves theories _928170 |
|
| 942 |
_2ddc _cBK |
||
| 999 |
_c9138 _d9138 |
||